000 00653pam a2200217 a 4500
001 4963558
005 20250321141044.0
008 971009s1998 maua b 001 0 eng
020 _a0256236127
050 0 0 _aHD31
_b.F79 1998
082 0 0 _a658
_221
100 1 _aFry, Fred L.
245 1 0 _aBusiness :
_ban integrative framework /
_cFred L. Fry, Charles R. Stoner, Richard E. Hattwick.
250 _a1st ed.
260 _aBoston :
_bIrwin/McGraw-Hill,
_cc1998.
300 _axxxix, 602 p. :
_bill. ;
_c26 cm.
650 0 _aIndustrial management
_xCase studies.
700 1 _aStoner, Charles R.
700 1 _aHattwick, Richard E.
942 _2lcc
_cBK
_n0
999 _c5047
_d5047